Sports Quiz

Random Sports or World Quiz

Complete the Card: ECW Heat Wave 2000 Quiz Stats

 Plays Quiz not verified by Sporcle

Challenge
Share
Tweet
Embed
Score 0/41 Timer 06:00
0 Plays Today
Match Particpants % Correct
Match 7 - SinglesRob Van Dam
91.2%
Match 8 - Stairway to Hell Match for the World Heavyweight TitleTommy Dreamer
89.7%
Match 6 - ECW World Television TitleThe Sandman
86%
Match 3 - SinglesJerry Lynn
84.6%
Match 8 - Stairway to Hell Match for the World Heavyweight TitleJustin Credible
84.6%
Match 6 - ECW World Television TitleRhino
82.4%
Other TalentJoey Styles
82.4%
Match 5 - Four-Way DanceYoshihiro Tajiri
79.4%
Match 6 - ECW World Television TitleYoshihiro Tajiri
79.4%
Match 5 - Four-Way DanceLittle Guido
77.9%
Match 1 - SinglesBalls Mahoney
76.5%
Match 3 - SinglesSteve Corino
76.5%
Match 6 - ECW World Television TitleSteve Corino
76.5%
Match 7 - SinglesBill Alfonso
75.7%
Match 2 - 6 Man TagAmish Roadkill
74.3%
Match 2 - 6 Man TagDanny Doring
73.5%
Match 4 - TagSuper Nova
73.5%
Match 5 - Four-Way DanceMikey Whipwreck
73.5%
Match 4 - TagNew Jack
73.5%
Match 6 - ECW World Television TitleSpike Dudley
72.1%
Match 2 - 6 Man TagKid Kash
67.6%
Match Particpants % Correct
Match 3 - SinglesJack Victory
66.9%
Match 4 - TagChris Chetti
66.9%
Match 6 - ECW World Television TitleJack Victory
66.9%
Other TalentCyrus
66.2%
Match 2 - 6 Man TagC. W. Anderson
64.7%
Match 2 - 6 Man TagSimon Diamond
63.2%
Match 4 - TagTony DeVito
61.8%
Match 4 - TagAngel
61.8%
Match 7 - SinglesScotty Anton
59.6%
Other TalentJoel Gertner
59.6%
Match 2 - 6 Man TagJohnny Swinger
58.1%
Other TalentDawn Marie
56.6%
Match 8 - Stairway to Hell Match for the World Heavyweight TitleJazz
55.9%
Match 1 - SinglesSal E. Graziano
55.1%
Match 1 - SinglesTony Mamaluke
54.4%
Match 5 - Four-Way DancePsicosis
53.7%
Other TalentBob Artese
53.7%
Match 8 - Stairway to Hell Match for the World Heavyweight TitleGeorge
50%
Other TalentBlue Boy
43.4%
Other TalentJasmine
32.4%

You're not logged in!

Compare scores with friends on all Sporcle quizzes.
Join for Free
OR
Log In

You Might Also Like...

Show Comments

Extras

Top Quizzes Today


Score Distribution

Your Account Isn't Verified!

In order to create a playlist on Sporcle, you need to verify the email address you used during registration. Go to your Sporcle Settings to finish the process.

Report this User

Report this user for behavior that violates our Community Guidelines.

Details: